000 00543cam a2200169 4500500
005 20260329003444.0
041 _afre
042 _adc
100 1 0 _aPortevin, Catherine
_eauthor
245 0 0 _aL’égoïsme. Faut-il vraiment penser aux autres
260 _c2015.
500 _a52
690 _aDominique Lecourt
690 _aÉgoïsme
786 0 _nPhilosophie magazine | 93 | 10 | 2015-10-01 | p. 67-67 | 1951-1787
856 4 1 _uhttps://shs.cairn.info/magazine-philosophie-magazine-2015-10-page-67?lang=fr&redirect-ssocas=7080
999 _c1824749
_d1824749